| 000 | 00861nam a2200265Ia 4500 | ||
|---|---|---|---|
| 003 | OSt | ||
| 005 | 20220925223401.0 | ||
| 006 | a|||||r|||| 00| 0 | ||
| 007 | ta | ||
| 008 | 220923b |||||||| |||| 00| 0 eng d | ||
| 020 |
_a0415359813 _c4507.10 |
||
| 037 |
_b1270, 19/05/2006, M/sThe Bookseller _cGeneral Book |
||
| 040 |
_aRTL _cRTL _beng |
||
| 041 |
_2eng _aeng |
||
| 082 | _aQ2.2.P, P5 | ||
| 100 | _aAdeney Katharine Ed. | ||
| 245 | 0 | _aCoalition politics and Hindu nationalism | |
| 260 |
_aLondon _bRoutledge _c2005 |
||
| 300 |
_axvi, 294 _ccm. |
||
| 490 | _aRoutledge Advances in South Asian Studies | ||
| 650 |
_aSociology Hindu _9289516 |
||
| 700 |
_a Saez Lawrence Au. _9289517 |
||
| 942 |
_hQ2.2.P, P5 _cGB _2CC |
||
| 999 |
_c579373 _d579373 |
||